000 00509nam a22001577a 4500
003 OSt
005 20240929232316.0
008 240923b |||||||| |||| 00| 0 eng d
040 _cDCL
100 1 _aChan, Ajahn
245 1 0 _aBodhinyana a Collection of Dharma Talk /
_cAjahn Chan.
264 _aTHAILAND :
_bThe Sangh, Abhayagiyi Monastery,
300 _a134 pages ;
856 _uhttps://library.dhammadhara.com/cgi-bin/koha/opac-retrieve-file.pl?id=130165462c09c354df794a4655c01309
_yEBook
942 _2ddc
_cEBK
_n0
999 _c15
_d15